000 00655nam a2200229 4500
003 OSt
005 20240618025607.0
006 a
008 240618b |||||||| |||| 00| 0 eng d
020 _a9780789762018
040 _aDWCL-Main lib.
_cOC
082 _aCirc. 005.446 S843m 2010
100 _aJohnson, Steve
245 _aMicrosoft Windows 7 /
260 _aLondon :
_bPearson Education,
_cc2010.
300 _axx,
_b556 p. : col. ill. ;
_c23 cm.
504 _aIncludes index.
650 _a1. Microsoft Windows (Computer file).
650 _a2. Operating systems (Computers).
700 _aSteve Johnson
942 _2ddc
_n0
_cBK-CIRC
_kCirc.
999 _c800
_d800